000 01426nam0a22003011 4500
001 rc\214881
005 20030307114426.9
010 _a5-02-017096-8
_92650
035 _a(NLR Aleph) 005463803
090 _a4980855
_c4980855
100 _a20030307d1991 u |0rusy50 ca
101 0 _arus
102 _aRU
105 _ay |||||||||
200 1 _aЯпонская экономика в преддверии XXI века
_e(Становление конкурент. корпоратив.-гос. капитализма)
_f[С.В. Брагинский, Д.М. Демченко, В.К. Зайцев и др.
_gОтв. ред. В.К. Зайцев и др.]
_gАН СССР. Ин-т мировой экономики и междунар. отношений
210 _aМ.
_cНаука
_d1991
215 _a405, [1] с.
_d22
300 _aАвт. указаны на обороте тит. л.
300 _aРез.: англ.
320 _aБиблиогр. в примеч.: с. 360-402
701 1 _aБрагинский
_bС. В.
_gСергей Владимирович
702 1 _aЗайцев
_bВ. К.
_gВалерий Константинович
_4340
712 0 2 _aИнститут мировой экономики и международных отношений
_cМосква
_3RU\NLR\AUTH\883073
801 0 _aRU
_bNLR
_gpsbo
801 1 _aRU
_bELAR
_2rusmarc
852 _aNLR
_j91-5/2502
942 _cBOOK
980 _aNB